书目信息 |
| 题名: |
心理与健康
|
|
| 作者: | 田代华 , 田代华 , 董少萍 , 董少萍 编著 | |
| 分册: | ||
| 出版信息: | 北京 人民卫生出版社 2003 |
|
| 页数: | 289页 | |
| 开本: | 21cm | |
| 丛书名: | ||
| 单 册: | ||
| 中图分类: | R395.6 | |
| 科图分类: | ||
| 主题词: | 心理卫生--xin li wei sheng--关系--健康 | |
| 电子资源: | ||
| ISBN: | 7-117-05397-6 | |
| 000 | 00814nam 2200253 450 | |
| 001 | CAL 012003097470 | |
| 005 | 20061123161758.81 | |
| 010 | @a7-117-05397-6@dCNY 16.00 | |
| 099 | @aCAL 012003097470 | |
| 100 | @a20030602d2003 em y0chiy0120 ea | |
| 101 | 0 | @achi |
| 102 | @aCN@b110000 | |
| 200 | 1 | @a心理与健康@AXin Li Yu Jian Kang@f田代华,董少萍编著@Ftian dai hua,dong shao ping bian zhu |
| 210 | @a北京@c人民卫生出版社@d2003 | |
| 215 | @a289页@c图@d21cm | |
| 300 | @a献给21世纪人们科学的生活方式 | |
| 606 | 0 | @a心理卫生@Axin li wei sheng@x关系@x健康 |
| 690 | @aR395.6@v4 | |
| 701 | 0 | @a田代华@ATian Daihua@c(中医学)@4编著 |
| 701 | 0 | @a田代华@Atian dai hua@4编著 |
| 701 | 0 | @a董少萍@Adong shao ping@4编著 |
| 701 | 0 | @a董少萍@ADong Shaoping@4编著 |
| 801 | @aCN@c20061123 | |
| 905 | @a10447@dR395.6@eT612 | |
| 心理与健康/田代华,董少萍编著.-北京:人民卫生出版社,2003 |
| 289页:图;21cm |
| 献给21世纪人们科学的生活方式 |
| ISBN 7-117-05397-6:CNY 16.00 |
| ● |
| 相关链接 |
|
|
|
正题名:心理与健康
索取号:R395.6/T612
 
预约/预借
| 序号 | 登录号 | 条形码 | 馆藏地/架位号 | 状态 | 备注 |
| 1 | 615784 | 206157843 | 自科库401/401自科库 16排1列1层/ [索取号:R395.6/T612] | 在馆 |